[Event "Nezhmetdinov Memorial 29th"]
[Site "Kazan"]
[Date "2007.06.08"]
[Round "8"]
[White "Galeev, Shamil"]
[Black "Nikitina, Elena"]
[Result "1-0"]
[WhiteElo "2238"]
[BlackElo "2078"]
[PlyCount "79"]
[EventDate "2007.06.01"]
[EventType "swiss"]
[EventRounds "9"]
[EventCountry "RUS"]
[SourceTitle "CBM 119 Extra"]
[Source "ChessBase"]
[SourceDate "2007.09.04"]
[SourceVersion "1"]
[SourceVersionDate "2007.09.04"]
[SourceQuality "1"]

1. d4 Nf6 2. c4 g6 3. Nc3 d5 4. Bg5 c6 5. e3 Bg7 6. Nf3 0-0 7. Qb3 Qb6 8. Qxb6 axb6 9. cxd5 Nxd5 10. Nxd5 cxd5 11. Bxe7 Re8 12. Bd6 Nc6 13. Bb4 Re6 14. Ba3 Ra5 15. Be2 Bf6 16. 0-0 Bd8 17. Rfc1 Bd7 18. Rc3 Ra8 19. Bb5 f6 20. g3 Ra5 21. Bf1 Re8 22. Ne1 Kf7 23. Nd3 g5 24. Nb4 Nxb4 25. Bxb4 Ra8 26. a3 Bc6 27. Bd3 h5 28. Bf5 Kg7 29. Rac1 Be7 30. Bxe7 Rxe7 31. Rb3 Ra6 32. Bc8 Ra8 33. Bf5 Ra6 34. Bd3 b5 35. Rc5 Rb6 36. Rb4 Kf7 37. a4 Ra6 38. Bxb5 Bxb5 39. Rcxb5 Ra7 40. Rxd5 1-0

[Event "Nezhmetdinov Memorial 29th"]
[Site "Kazan"]
[Date "2007.06.06"]
[Round "6"]
[White "Galeev, Shamil"]
[Black "Ponfilenok, Vladimir"]
[Result "0-1"]
[WhiteElo "2238"]
[BlackElo "2411"]
[PlyCount "60"]
[EventDate "2007.06.01"]
[EventType "swiss"]
[EventRounds "9"]
[EventCountry "RUS"]
[SourceTitle "CBM 119 Extra"]
[Source "ChessBase"]
[SourceDate "2007.09.04"]
[SourceVersion "1"]
[SourceVersionDate "2007.09.04"]
[SourceQuality "1"]

1. d4 d5 2. Nf3 Nf6 3. c4 dxc4 4. Nc3 a6 5. a4 Nc6 6. a5 e6 7. e3 Bb4 8. Bxc4 0-0 9. 0-0 Nxa5 10. Bd3 c5 11. dxc5 Nc6 12. Na4 e5 13. e4 Bg4 14. Be3 Qe7 15. h3 Bh5 16. g4 Bg6 17. Qb1 Nd7 18. Rc1 Rad8 19. Bc4 Nf6 20. Bg5 Nd4 21. Nh4 Ne6 22. Nxg6 hxg6 23. Be3 Bd2 24. Bxd2 Rxd2 25. Bxe6 Qxe6 26. Ra3 Rfd8 27. Nb6 R8d4 28. Nd5 Nxg4 29. hxg4 Qxg4+ 30. Rg3 Qe2 0-1

[Event "Nezhmetdinov Memorial 29th"]
[Site "Kazan"]
[Date "2007.06.01"]
[Round "1"]
[White "Amonatov, Farrukh"]
[Black "Galeev, Shamil"]
[Result "1-0"]
[WhiteElo "2574"]
[BlackElo "2238"]
[PlyCount "61"]
[EventDate "2007.06.01"]
[EventType "swiss"]
[EventRounds "9"]
[EventCountry "RUS"]
[SourceTitle "CBM 119 Extra"]
[Source "ChessBase"]
[SourceDate "2007.09.04"]
[SourceVersion "1"]
[SourceVersionDate "2007.09.04"]
[SourceQuality "1"]

1. e4 e5 2. Nf3 Nc6 3. Bb5 Nd4 4. Nxd4 exd4 5. 0-0 c6 6. Bd3 d5 7. exd5 Qxd5 8. Re1+ Be6 9. b3 Qd7 10. Bc4 0-0-0 11. Bxe6 fxe6 12. d3 Bb4 13. Bd2 Bd6 14. Bg5 Nf6 15. Nd2 h6 16. Bh4 g5 17. Bg3 Bxg3 18. hxg3 h5 19. Ne4 Nxe4 20. Rxe4 Rdf8 21. Qe2 Rf6 22. Re1 Rhh6 23. Re5 g4 24. Qe4 Qd6 25. Rg5 Kc7 26. Qe5 Rf7 27. Qa5+ Kc8 28. Qxa7 Rhf6 29. Rg8+ Rf8 30. Qa8+ Kc7 31. Qa5+ 1-0

[Event "Bled op-B"]
[Site "Bled"]
[Date "1996.??.??"]
[Round "2"]
[White "Galeev, Shamil"]
[Black "Plahuta, Darko"]
[Result "1-0"]
[WhiteElo "2275"]
[BlackElo "2010"]
[PlyCount "107"]
[EventDate "1996.03.??"]
[EventType "swiss"]
[EventRounds "9"]
[EventCountry "SLO"]
[SourceTitle "CBM 051 Extra"]
[Source "ChessBase"]
[SourceDate "1996.05.01"]
[SourceVersion "1"]
[SourceVersionDate "1996.05.01"]
[SourceQuality "1"]

1. d4 Nf6 2. c4 e6 3. Nf3 d5 4. Nc3 Bb4 5. Bg5 c6 6. Bxf6 Qxf6 7. e3 Nd7 8. Rc1 0-0 9. a3 Bxc3+ 10. Rxc3 Re8 11. Be2 b6 12. cxd5 exd5 13. 0-0 Bb7 14. Qa4 a6 15. Rfc1 Rac8 16. b4 Qd6 17. Qc2 g6 18. Nd2 Qe6 19. Bd3 f5 20. e4 fxe4 21. Nxe4 Kg7 22. Ng5 Qf6 23. Nf3 Re6 24. Qd2 Rce8 25. h4 h6 26. Bb1 Re2 27. Qd3 R2e4 28. Rf1 Rg4 29. h5 Re7 30. hxg6 Rge4 31. Qd1 R4e6 32. Nh2 c5 33. bxc5 bxc5 34. Rb3 Bc6 35. Rh3 Qxd4 36. Qc1 Kg8 37. Qxh6 Qg7 38. Qc1 Qd4 39. Nf3 Qf6 40. Ng5 Bb5 41. Nxe6 Rxe6 42. Re1 Ne5 43. Rd1 Bc4 44. Qh6 Re7 45. Qh4 Qxh4 46. Rxh4 Bb3 47. Rc1 Bc4 48. f4 Nd7 49. Rh7 Rg7 50. Re1 Nf6 51. Rxg7+ Kxg7 52. Re7+ Kg8 53. Rc7 Nh5 54. f5 1-0

[Event "Bled op-B"]
[Site "Bled"]
[Date "1996.??.??"]
[Round "4"]
[White "Galeev, Shamil"]
[Black "Zelenika, Srdjan"]
[Result "1-0"]
[WhiteElo "2275"]
[BlackElo "2300"]
[PlyCount "69"]
[EventDate "1996.03.??"]
[EventType "swiss"]
[EventRounds "9"]
[EventCountry "SLO"]
[SourceTitle "CBM 051 Extra"]
[Source "ChessBase"]
[SourceDate "1996.05.01"]
[SourceVersion "1"]
[SourceVersionDate "1996.05.01"]
[SourceQuality "1"]

1. d4 Nf6 2. c4 g6 3. Nc3 Bg7 4. e4 d6 5. f3 0-0 6. Be3 e5 7. d5 c6 8. Qd2 cxd5 9. cxd5 Nh5 10. g4 Nf4 11. Nge2 Nxe2 12. Bxe2 a6 13. h4 Nd7 14. h5 Re8 15. hxg6 fxg6 16. 0-0-0 b5 17. Kb1 Rb8 18. Rc1 Nf8 19. Bd3 Bd7 20. Ne2 Rb7 21. Bg5 Qb6 22. Be3 Qd8 23. Bg5 Qb6 24. Ng3 Rc8 25. Rcg1 b4 26. Be3 Qd8 27. Nf5 gxf5 28. gxf5 Be8 29. f6 Ng6 30. fxg7 Rxg7 31. f4 exf4 32. Bd4 Bb5 33. Bxg7 Kxg7 34. e5 Be8 35. Qxf4 1-0

[Event "Bled op-B"]
[Site "Bled"]
[Date "1996.??.??"]
[Round "5"]
[White "Kostanjsek, Zorko"]
[Black "Galeev, Shamil"]
[Result "1-0"]
[WhiteElo "2195"]
[BlackElo "2275"]
[PlyCount "43"]
[EventDate "1996.03.??"]
[EventType "swiss"]
[EventRounds "9"]
[EventCountry "SLO"]
[SourceTitle "CBM 051 Extra"]
[Source "ChessBase"]
[SourceDate "1996.05.01"]
[SourceVersion "1"]
[SourceVersionDate "1996.05.01"]
[SourceQuality "1"]

1. Nf3 d5 2. e3 Nf6 3. b3 g6 4. Bb2 Bg7 5. Be2 0-0 6. c4 c5 7. cxd5 Nxd5 8. Bxg7 Kxg7 9. Qc1 b6 10. 0-0 Ba6 11. Bxa6 Nxa6 12. Rd1 e6 13. Nc3 Rc8 14. Nxd5 Qxd5 15. d4 cxd4 16. Qa3 Qb7 17. Rxd4 Rfd8 18. Ra4 Qd5 19. Qb2+ Kg8 20. Rxa6 Qd1+ 21. Ne1 Rd2 22. Rxd1 1-0

[Event "Bled op-B"]
[Site "Bled"]
[Date "1996.??.??"]
[Round "3"]
[White "Kovac, Silvo"]
[Black "Galeev, Shamil"]
[Result "0-1"]
[WhiteElo "2150"]
[BlackElo "2275"]
[PlyCount "114"]
[EventDate "1996.03.??"]
[EventType "swiss"]
[EventRounds "9"]
[EventCountry "SLO"]
[SourceTitle "CBM 051 Extra"]
[Source "ChessBase"]
[SourceDate "1996.05.01"]
[SourceVersion "1"]
[SourceVersionDate "1996.05.01"]
[SourceQuality "1"]

1. e4 e5 2. Nf3 Nc6 3. Nc3 Bc5 4. Nxe5 Bxf2+ 5. Kxf2 Nxe5 6. d4 Qf6+ 7. Kg1 Ne7 8. Be3 N5g6 9. Nb5 Qb6 10. c4 d6 11. b4 a6 12. c5 Qc6 13. d5 Qd7 14. cxd6 cxd6 15. Nd4 0-0 16. Be2 Qe8 17. Qd2 f5 18. exf5 Nxf5 19. Nxf5 Bxf5 20. Rc1 Rc8 21. Rxc8 Qxc8 22. h4 Ne5 23. Bd4 Re8 24. Kh2 Qd8 25. Bf2 Qe7 26. Re1 Qf7 27. Bg3 Be4 28. Rd1 Qf5 29. Rf1 Qd7 30. Qd4 Bg6 31. h5 Bf5 32. Qf4 Bg4 33. Bxg4 Qxg4 34. Qxg4 Nxg4+ 35. Kh3 Ne5 36. Rc1 Kf7 37. Rc7+ Re7 38. Rc8 Rd7 39. Rc3 Kf6 40. Bh4+ Kf5 41. Re3 Nc4 42. Re8 Nb6 43. g4+ Kf4 44. Bg3+ Kf3 45. Re6 Nxd5 46. Rxd6 Rxd6 47. Bxd6 Ne3 48. Be5 g6 49. hxg6 hxg6 50. g5 b5 51. Bd6 Nd5 52. Kh2 Nc3 53. Kg1 Nxa2 54. Kf1 Ke3 55. Ke1 Kd3 56. Kf2 Kc4 57. Ke3 Nxb4 0-1

[Event "Vienna op"]
[Site "Vienna"]
[Date "1995.??.??"]
[Round "6"]
[White "Galeev, Shamil"]
[Black "Sergienko, Sergey"]
[Result "0-1"]
[WhiteElo "2275"]
[BlackElo "2400"]
[PlyCount "50"]
[EventDate "1995.??.??"]
[EventType "swiss"]
[EventRounds "9"]
[EventCountry "AUT"]
[SourceTitle "EXT 1998"]
[Source "ChessBase"]
[SourceDate "1997.11.17"]
[SourceVersion "1"]
[SourceVersionDate "1997.11.17"]
[SourceQuality "1"]

1. d4 Nf6 2. c4 c5 3. Nf3 cxd4 4. Nxd4 e5 5. Nb5 d5 6. cxd5 Bc5 7. e3 0-0 8. N5c3 e4 9. Be2 Nbd7 10. Nd2 Re8 11. Qc2 Qe7 12. 0-0 a6 13. Rd1 b5 14. Nf1 Bb7 15. Qb3 Rac8 16. a3 Qe5 17. Kh1 Bd6 18. f4 exf3 19. Bxf3 Rc4 20. g3 Qf5 21. Bg2 Nc5 22. Qa2 Ng4 23. Rd4 Rxd4 24. exd4 Nb3 25. Nxb5 Bxd5 0-1

[Event "Djakovo op"]
[Site "Djakovo"]
[Date "1994.??.??"]
[Round "1"]
[White "Chernyshov, Konstantin"]
[Black "Galeev, Shamil"]
[Result "1-0"]
[WhiteElo "2480"]
[BlackElo "2280"]
[PlyCount "61"]
[EventDate "1994.11.??"]
[EventType "swiss"]
[EventRounds "9"]
[EventCountry "CRO"]
[SourceTitle "EXT 1997"]
[Source "ChessBase"]
[SourceDate "1996.11.15"]
[SourceVersion "1"]
[SourceVersionDate "1996.11.15"]
[SourceQuality "1"]

1. e4 e5 2. Nf3 Nc6 3. d4 exd4 4. Nxd4 Bc5 5. Nxc6 bxc6 6. Bd3 d6 7. Nd2 Rb8 8. 0-0 Nf6 9. Nb3 Bb6 10. a4 a5 11. Bd2 Ng4 12. Qf3 Qh4 13. Qf4 g5 14. Qg3 Ra8 15. Qxh4 gxh4 16. h3 Ne5 17. Be2 Rg8 18. Kh2 Be6 19. Bc3 Ke7 20. Nd4 Bxd4 21. Bxd4 Nc4 22. Bc3 d5 23. Bxc4 dxc4 24. Rad1 Rg6 25. f4 f5 26. Rfe1 Kf7 27. exf5 Bxf5 28. Re5 Bxc2 29. Rd7+ Kg8 30. Ree7 c5 31. Rxh7 1-0

[Event "Harkany Tenkes Cup"]
[Site "Harkany"]
[Date "1994.??.??"]
[Round "5"]
[White "Chernyshov, Konstantin"]
[Black "Galeev, Shamil"]
[Result "0-1"]
[WhiteElo "2485"]
[BlackElo "2280"]
[PlyCount "82"]
[EventDate "1994.11.??"]
[EventType "swiss"]
[EventRounds "9"]
[EventCountry "HUN"]
[SourceTitle "CBM 045 Extra"]
[Source "ChessBase"]
[SourceDate "1995.05.01"]
[SourceVersion "1"]
[SourceVersionDate "1995.05.01"]
[SourceQuality "1"]

1. e4 e5 2. Nf3 Nc6 3. d4 exd4 4. Nxd4 Nf6 5. Nxc6 bxc6 6. e5 Qe7 7. Qe2 Nd5 8. Nd2 Nb6 9. g3 a5 10. c4 Qe6 11. Bg2 Bb4 12. 0-0 0-0 13. b3 Bc3 14. Rb1 Bxe5 15. Re1 Bc3 16. Qd1 Qg6 17. Be4 f5 18. Bd3 c5 19. Qc2 Bd4 20. Nf3 Bb7 21. Nxd4 cxd4 22. f3 Bxf3 23. c5 Nd5 24. Qc4 Kh8 25. Rf1 Qg4 26. Rxf3 Qxf3 27. Qxd4 Rae8 28. Bh6 Nf6 29. Rf1 Qh5 30. Bf4 Ng4 31. h4 c6 32. a3 Qg6 33. Bc4 Ne3 34. h5 Qg4 35. h6 Nxf1 36. Bxf1 Rf7 37. Be5 f4 38. hxg7+ Kg8 39. Bxf4 Re1 40. Kf2 Rxf1+ 41. Kxf1 Qxg3 0-1

[Event "Harkany Tenkes Cup"]
[Site "Harkany"]
[Date "1994.??.??"]
[Round "6"]
[White "Galeev, Shamil"]
[Black "Karpov, Alexander"]
[Result "1/2-1/2"]
[WhiteElo "2280"]
[BlackElo "2365"]
[PlyCount "51"]
[EventDate "1994.11.??"]
[EventType "swiss"]
[EventRounds "9"]
[EventCountry "HUN"]
[SourceTitle "CBM 045 Extra"]
[Source "ChessBase"]
[SourceDate "1995.05.01"]
[SourceVersion "1"]
[SourceVersionDate "1995.05.01"]
[SourceQuality "1"]

1. d4 f5 2. Nc3 d5 3. e4 dxe4 4. Bf4 Nf6 5. f3 Nc6 6. Bb5 Bd7 7. fxe4 fxe4 8. Nd5 Nxd5 9. Qh5+ g6 10. Qxd5 Nb4 11. Bxd7+ Qxd7 12. Qxd7+ Kxd7 13. Kd2 Bg7 14. Ne2 Rhf8 15. Be3 e5 16. c3 Nd3 17. b3 exd4 18. cxd4 c5 19. Raf1 cxd4 20. Nxd4 Nb4 21. Rxf8 Rxf8 22. h4 h5 23. Rc1 Bxd4 24. Bxd4 Nc6 25. Ke3 Nxd4 26. Rd1 1/2-1/2

[Event "Harkany Tenkes Cup"]
[Site "Harkany"]
[Date "1994.??.??"]
[Round "8"]
[White "Galeev, Shamil"]
[Black "Kozlov, Oleg"]
[Result "1/2-1/2"]
[WhiteElo "2280"]
[BlackElo "2405"]
[PlyCount "147"]
[EventDate "1994.11.??"]
[EventType "swiss"]
[EventRounds "9"]
[EventCountry "HUN"]
[SourceTitle "CBM 045 Extra"]
[Source "ChessBase"]
[SourceDate "1995.05.01"]
[SourceVersion "1"]
[SourceVersionDate "1995.05.01"]
[SourceQuality "1"]

1. d4 d5 2. c4 e6 3. Nc3 Nf6 4. Bg5 c6 5. e3 Nbd7 6. a3 h6 7. Bxf6 Nxf6 8. f4 Be7 9. Nf3 0-0 10. c5 b6 11. b4 bxc5 12. bxc5 Qa5 13. Qd2 Bd8 14. Ne5 Bd7 15. Bd3 Rb8 16. Bc2 Bc7 17. 0-0 Rb7 18. Qd3 Rfb8 19. Rab1 Rxb1 20. Nxb1 Bxe5 21. fxe5 Ne4 22. Qd1 Bc8 23. Bxe4 dxe4 24. Qd2 Qc7 25. Nc3 Ba6 26. Rb1 Bd3 27. Rb2 Rb7 28. Nd1 Rb5 29. a4 Rb7 30. Qc3 Qc8 31. Rb4 Qb8 32. Rb2 Qc8 33. Qa3 Qb8 34. h3 Qc8 35. Qc3 Qc7 36. Kf2 Qb8 37. Kg1 Qc7 38. Qa3 Qc8 39. Qc3 Rxb2 40. Nxb2 Qa6 41. Nxd3 exd3 42. a5 Qb5 43. Kf2 Qb1 44. Qd2 Qc2 45. Ke1 Qb3 46. Kf2 Qc4 47. Ke1 g5 48. Qb2 Qd5 49. Qb8+ Kg7 50. Kd2 Qxg2+ 51. Kxd3 a6 52. Qd8 Qf1+ 53. Kd2 Qf2+ 54. Kd3 Qf5+ 55. Kd2 h5 56. e4 Qf4+ 57. Kd3 Qf1+ 58. Kd2 Qg2+ 59. Kd1 Qf3+ 60. Kd2 Qf4+ 61. Kd3 g4 62. hxg4 hxg4 63. Qh4 Qf3+ 64. Kd2 Qxe4 65. Qf6+ Kg8 66. Qd8+ Kh7 67. Qh4+ Kg6 68. Qf6+ Kh5 69. Qh8+ Kg6 70. Qf6+ Kh5 71. Qh8+ Kg6 72. Qf6+ Kh5 73. Qh8+ Kg6 74. Qf6+ 1/2-1/2

[Event "Harkany Tenkes Cup"]
[Site "Harkany"]
[Date "1994.??.??"]
[Round "4"]
[White "Galeev, Shamil"]
[Black "Sale, Srdjan"]
[Result "0-1"]
[WhiteElo "2280"]
[BlackElo "2405"]
[PlyCount "81"]
[EventDate "1994.11.??"]
[EventType "swiss"]
[EventRounds "9"]
[EventCountry "HUN"]
[SourceTitle "CBM 045 Extra"]
[Source "ChessBase"]
[SourceDate "1995.05.01"]
[SourceVersion "1"]
[SourceVersionDate "1995.05.01"]
[SourceQuality "1"]

1. d4 Nf6 2. c4 g6 3. Nc3 d5 4. Bg5 Ne4 5. Bh4 Nxc3 6. bxc3 dxc4 7. Qa4+ c6 8. Qxc4 Qa5 9. e3 Nd7 10. Nf3 Nb6 11. Qb4 Qh5 12. Be2 Bg4 13. Bg3 e5 14. Qb1 exd4 15. Qe4+ Be7 16. Bd6 Nc8 17. Bxe7 Nxe7 18. Nxd4 Bxe2 19. Nxe2 Rd8 20. Nf4 Qc5 21. Qb4 Qe5 22. 0-0 b6 23. Qa3 Qc7 24. c4 0-0 25. h4 Nf5 26. g3 Rd7 27. Qc3 Nd6 28. f3 Nf5 29. Kf2 Rfd8 30. Rae1 Qd6 31. Re2 Qc5 32. g4 Nd6 33. Rc1 Ne8 34. a4 h6 35. a5 Nd6 36. axb6 axb6 37. Qf6 Ne8 38. Qc3 Ra8 39. Rb1 Nd6 40. Rd2 Ra3 41. Nd3 0-1